LEADER 00828nam a2200181 i 4500 001 000000016994 003 CaOOAMICUS 005 20180830125443.0 008 180830s1963 it u000 u ita u 040 $aSeMil$bita 245 10$aStrabonis Geographica. 260 $aRomae :$bTypis Publicae Officinae Polygraphicae,$c1963. 300 $av. ;$c26 cm. 700 1 $aStrabo,$d.$0(OLS)http://semarc/name/7807 773 0 $aConsilio Academiae Lynceorum$tScriptores Graeci et Latini.$dRomae : Typis Publicae Officinae Polygraphicae, [195?]$w()16992 774 0 $aStrabo $tVol. primum.$kScriptores graeci et latini$gVol.1$w()107283 996 $6245$aStrabonis Geographica$9(OLS)http://semarc/title/22479 996 $6260$aRomae :$bTypis Publicae Officinae Polygraphicae$9(OLS)http://semarc/publisher/34538 LEADER 00759nam a2200193 i 4500 001 000000181336 003 CaOOAMICUS 005 20251014094921.0 008 090901s1907 it u000 u lat u 013 $a159168 040 $aSeMil$bita 245 10$aPars 2. 300 $aP. 245-476 ;$c21 cm. 773 0 $aIrenaeus $tAdversus Haereses.$dRomae : Ex Officina typographica Forzani et Socii, [1907?]$kBibliotheca sanctorum patrum theologiae tironibus et universo clero accomodata. Series 2., Scriptores graeci antenicaeni$w()21938 850 $aSeMil 852 $aSeMil$W1$xVenegono$y1$m2S II 165$j132077$B132077$CSeMilBibl$Z2$F143889 $81 961 $aOmaggio: Altro 996 $6245$aPars 2$9(OLS)http://semarc/title/49797